<?xml version="1.0" encoding="UTF-8"?>
<record
    xmlns:xsi="http://www.w3.org/2001/XMLSchema-instance"
    xsi:schemaLocation="http://www.loc.gov/MARC21/slim http://www.loc.gov/standards/marcxml/schema/MARC21slim.xsd"
    xmlns="http://www.loc.gov/MARC21/slim">

  <leader>02002nam a22001937a 4500</leader>
  <controlfield tag="008">251008b        |||||||| |||| 00| 0 eng d</controlfield>
  <datafield tag="020" ind1=" " ind2=" ">
    <subfield code="a">9781398618992</subfield>
  </datafield>
  <datafield tag="040" ind1=" " ind2=" ">
    <subfield code="c">tbs</subfield>
  </datafield>
  <datafield tag="041" ind1=" " ind2=" ">
    <subfield code="a">eng</subfield>
  </datafield>
  <datafield tag="050" ind1=" " ind2=" ">
    <subfield code="a">HD69.B7</subfield>
    <subfield code="b">F37 2025</subfield>
  </datafield>
  <datafield tag="100" ind1=" " ind2=" ">
    <subfield code="a">Fataar, Leila</subfield>
    <subfield code="9">26065</subfield>
    <subfield code="e">author</subfield>
  </datafield>
  <datafield tag="245" ind1=" " ind2=" ">
    <subfield code="a">Culture-led brands </subfield>
    <subfield code="b">: drive growth, build resilience and cultivate resonance</subfield>
    <subfield code="c">/ Leila Fataar.</subfield>
  </datafield>
  <datafield tag="260" ind1=" " ind2=" ">
    <subfield code="a">London :</subfield>
    <subfield code="b">KoganPage,</subfield>
    <subfield code="c">2025.</subfield>
  </datafield>
  <datafield tag="300" ind1=" " ind2=" ">
    <subfield code="a">xvii, 245 pages : </subfield>
    <subfield code="b">illustrations ; </subfield>
    <subfield code="c">24 cm.</subfield>
  </datafield>
  <datafield tag="520" ind1=" " ind2=" ">
    <subfield code="a">In a world of relentless change and pervasive uncertainty, brands can only thrive if they become adept at reading and responding to cultural currents and signals. Today, cultural relevance is not just a marketing output, but a foundational element of successful contemporary business strategy. Brands no longer operate in a vacuum; instead, they are active participants in a global dialogue impacting culture and communities, both geographical and through fandoms. This book equips leaders with the tools to navigate this rapidly evolving business landscape, embracing uncertainty and harnessing cultural relevance to drive growth. Covering everything from marketing to commerce, innovation and creativity, political sensitivity and technology transformations all the way to diversity and inclusion, environmental consciousness and how to credibly leverage the influence of cultural voices, this book enables you to build a culture-led growth strategy and create a resilient brand. With real-world examples from brands like adidas Originals, Guinness and YouTube, this book provides a practical framework for embedding cultural relevance throughout your entire brand. It encourages leaders to rethink not just their external messaging, but their internal values and operations to create a culture-led branding and business strategy that is adaptive, authentic and accountable.</subfield>
  </datafield>
  <datafield tag="650" ind1=" " ind2="0">
    <subfield code="a">Brand name products</subfield>
    <subfield code="x">Social aspects</subfield>
    <subfield code="9">26066</subfield>
  </datafield>
  <datafield tag="650" ind1=" " ind2="0">
    <subfield code="a">Branding (Marketing)</subfield>
    <subfield code="x">Social aspects</subfield>
    <subfield code="9">8758</subfield>
  </datafield>
  <datafield tag="942" ind1=" " ind2=" ">
    <subfield code="2">lcc</subfield>
  </datafield>
  <datafield tag="952" ind1=" " ind2=" ">
    <subfield code="0">0</subfield>
    <subfield code="1">0</subfield>
    <subfield code="2">lcc</subfield>
    <subfield code="4">0</subfield>
    <subfield code="7">0</subfield>
    <subfield code="a">TBS</subfield>
    <subfield code="b">TBS</subfield>
    <subfield code="d">2025-10-08</subfield>
    <subfield code="l">0</subfield>
    <subfield code="o">HD69.B7 FAT</subfield>
    <subfield code="p">B07660</subfield>
    <subfield code="r">2025-10-08</subfield>
    <subfield code="t">1</subfield>
    <subfield code="w">2025-10-08</subfield>
    <subfield code="y">1</subfield>
  </datafield>
  <datafield tag="999" ind1=" " ind2=" ">
    <subfield code="c">5022</subfield>
    <subfield code="d">5022</subfield>
  </datafield>
</record>
